USE YOUR MEDICINES CORRECTLY A USER'S MANUAL (Record no. 35063)

MARC details
000 -LEADER
fixed length control field 00415nam a22001697a 4500
003 - CONTROL NUMBER IDENTIFIER
control field SGT
020 ## - INTERNATIONAL STANDARD BOOK NUMBER
International Standard Book Number 8190150805
082 ## - DEWEY DECIMAL CLASSIFICATION NUMBER
Classification number 615
Item number V02G
100 ## - MAIN ENTRY--PERSONAL NAME
Personal name GUPTA, USHA
245 ## - TITLE STATEMENT
Title USE YOUR MEDICINES CORRECTLY A USER'S MANUAL
260 ## - PUBLICATION, DISTRIBUTION, ETC. (IMPRINT)
Place of publication, distribution, etc NEW DELHI
Name of publisher, distributor, etc DSPRUD
Year of Publication 2002
300 ## - PAGE DESCRIPTION
No. of Pages 56
650 ## - SUBJECT ADDED ENTRY--TOPICAL TERM
Topical term or geographic name as entry element PHARMACY
653 ## - KEYWORDS--INDEX TERM
Keyword term USE, YOUR, MEDICINES, CORRECTLY , USER'S, MANUAL
942 ## - ADDED ENTRY ELEMENTS (KOHA)
Source of classification or shelving scheme Dewey Decimal Classification
Koha item type Books
Holdings
Withdrawn status Lost status Source of classification or shelving scheme Damaged status Use restrictions Not for loan Collection code Home library Current library Shelving location Date acquired Vendor Name SGTU Total Checkouts Full call number Accession No. (Barcode) Date last seen Bill Date Koha item type
    Dewey Decimal Classification   Restricted Access   PHARMACY SGT FA-FP Library SGT FA-FP Library On Display 04/07/2026 SGT UNIVERSITY Dr. ATUL NASA SGTU   615 V02G FP5705G 04/07/2026 04/07/2026 Books